000 00508nam a2200193Ia 4500
005 20230404101647.0
008 131103s9999 xx 000 0 und d
040 _aLoreto College
041 _aEnglish
082 _aTAG 891.441
_bTAG
100 _aTagore, Rabindranath
245 2 _aA Flight of swans
_b poems from Balaka
_cRabindranath Tagore
260 _aLondon
_bJohn Murray
_c1955
300 _a82p
650 _aBengali Literature
651 _aBengali Poetry
850 _aLCLIB
942 _cBK
999 _c16778
_d67257